| 000 | 01156 a2200301 4500 | ||
|---|---|---|---|
| 005 | 20180312143028.0 | ||
| 008 | 160128s2015 ck abo fr|||| 00| 0 spa d | ||
| 020 | _a9789588576237 | ||
| 040 |
_aCO-BoUCM _bspa _cSaul Niño _dSaul Niño |
||
| 041 | 0 | _aspa | |
| 100 | 1 |
_aGuhl Nimtz, Ernesto _d1915-2000 _975086 |
|
| 245 | 1 | 4 |
_aLos páramos circundantes de la sabana de Bogotá _cErnesto Guhl Nimtz |
| 250 | _a2a ed | ||
| 260 |
_c2015 _bJardín Botánico de Bogotá José Celestino Mutis _aBogotá (Colombia) |
||
| 300 |
_a239 páginas., [1] hoja plegable de mapa _bilustaciones, mapas, fotografías |
||
| 490 | 0 | _aPérez Arbeláez | |
| 500 | _aEdición conmemorativa | ||
| 504 | _aIncluye referencias bibliográficas e índices | ||
| 650 | 7 |
_921074 _aParamos |
|
| 650 | 7 |
_9170 _aEcología de paramos |
|
| 650 | 7 |
_aTierras humedas _975087 |
|
| 650 | 7 |
_911653 _aConservación de la naturaleza |
|
| 650 | 7 |
_913726 _aEcosistemas _xAspectos sociales |
|
| 650 | 7 |
_913639 _aEcología de sabanas _zBogotá (Colombia) |
|
| 690 |
_942878 _aMedio ambiente |
||
| 942 |
_2DEWEY _a14 _cLIBRO _e2 _h577.6870986148 _mG942pa _n0 |
||
| 999 |
_c302504 _d302504 |
||